[Event "Pergamino op"]
[Site "Pergamino"]
[Date "2022.12.09"]
[Round "2"]
[White "Santini, Maximiliano"]
[Black "Virgillito, Cristian"]
[Result "0-1"]
[WhiteElo "1819"]
[BlackElo "2128"]
[PlyCount "54"]
[EventDate "2022.12.09"]
[EventType "swiss"]
[EventRounds "6"]
[EventCountry "ARG"]
[SourceTitle "EXT 2024"]
[Source "ChessBase"]
[SourceDate "2023.10.10"]
[SourceVersion "1"]
[SourceVersionDate "2023.10.10"]
[SourceQuality "1"]

1. c4 e5 2. g3 f5 3. Bg2 Nf6 4. d3 Bc5 5. Nf3 e4 6. dxe4 Nxe4 7. 0-0 c6 8. a3 Qf6 9. Ra2 a5 10. b3 d5 11. Bb2 Qh6 12. cxd5 cxd5 13. Qxd5 Nc6 14. Nd4 Bxd4 15. Bxd4 Be6 16. Bxg7 Qg6 17. Qxe6+ Qxe6 18. Bxh8 0-0-0 19. Ba1 Qxb3 20. Rb2 Qc4 21. e3 Ne5 22. Rxb7 Kxb7 23. Bxe5 Ka6 24. Re1 Qc2 25. Bxe4 fxe4 26. Nc3 Rd3 27. Nxe4 Rd1 0-1

[Event "Rosario Bandera Memorial"]
[Site "Rosario"]
[Date "2017.06.20"]
[Round "7"]
[White "Santini, Maximiliano"]
[Black "Munoz, Francisco Javier"]
[Result "0-1"]
[WhiteElo "1810"]
[BlackElo "2296"]
[PlyCount "46"]
[EventDate "2017.06.17"]
[EventType "swiss"]
[EventRounds "7"]
[EventCountry "ARG"]
[SourceTitle "EXT 2018"]
[Source "ChessBase"]
[SourceDate "2017.10.13"]
[SourceVersion "1"]
[SourceVersionDate "2017.10.13"]
[SourceQuality "1"]

1. d4 d5 2. c4 c6 3. cxd5 cxd5 4. Bf4 Nc6 5. e3 Nf6 6. Nc3 Bf5 7. Qb3 Na5 8. Bb5+ Bd7 9. Qa4 Nc6 10. Nf3 a6 11. Bxc6 Bxc6 12. Qb3 Nh5 13. Bg3 Nxg3 14. hxg3 e6 15. Ne5 Bd6 16. Nd3 Rc8 17. 0-0 h5 18. Na4 h4 19. gxh4 Bh2+ 20. Kh1 Qxh4 21. g3 Qe4+ 22. f3 Bxg3+ 23. Kg2 Rh2+ 0-1

[Event "Rosario Bandera Memorial"]
[Site "Rosario"]
[Date "2017.06.18"]
[Round "3"]
[White "Santini, Maximiliano"]
[Black "Rebele, Santos"]
[Result "1-0"]
[WhiteElo "1810"]
[BlackElo "1485"]
[PlyCount "81"]
[EventDate "2017.06.17"]
[EventType "swiss"]
[EventRounds "7"]
[EventCountry "ARG"]
[SourceTitle "CBM 179 Extra"]
[Source "ChessBase"]
[SourceDate "2017.08.23"]
[SourceVersion "1"]
[SourceVersionDate "2017.08.23"]
[SourceQuality "1"]

1. c4 e5 2. g3 Nf6 3. Bg2 Be7 4. Nc3 0-0 5. Nf3 d6 6. 0-0 Nc6 7. d3 Bd7 8. Rb1 Qc8 9. Re1 Bh3 10. Bh1 Ng4 11. b4 Qf5 12. Nd5 Bd8 13. b5 Nd4 14. Ne3 Nxf3+ 15. Bxf3 Nxe3 16. Bxe3 Bg5 17. Bxg5 Qxg5 18. Bxb7 Rae8 19. Bc6 Re6 20. Qc1 Qe7 21. Qe3 Kh8 22. Qxa7 f5 23. b6 cxb6 24. Qxe7 Rxe7 25. Rxb6 f4 26. a4 fxg3 27. hxg3 h5 28. Bf3 Ref7 29. Rxd6 g5 30. Rh6+ Kg7 31. Rxh5 g4 32. Bxg4 Bxg4 33. Rg5+ Kh6 34. Rxg4 Rxf2 35. a5 R2f6 36. Kg2 Rf2+ 37. Kg1 Kh5 38. Rf4 R2xf4 39. gxf4 Rxf4 40. Rf1 Rg4+ 41. Kf2 1-0